Cases and materials on the law of corrections and prisoners' rights /

Saved in:
Bibliographic Details
Main Author: Krantz, Sheldon, 1938-
Format: Book
Language:English
Published: St. Paul, Minn. : West Pub. Co., 1986.
Edition:3rd ed.
Series:American casebook series.
Subjects:
Tags: Add Tag
No Tags, Be the first to tag this record!
LEADER 01111cam a2200325 a 4500
001 000515366-2
005 20020606090541.3
008 860911s1986 mnu b 00110 eng
010 |a  86009220  
020 |a 0314990763 
035 0 |a ocm13497246 
035 1 |a MAHL86B5371 
040 |a DLC  |c DLC  |d CStRLIN  |d MH-L 
043 |a n-us--- 
050 0 4 |a KF9728.A7  |b K7 1986 
100 1 |a Krantz, Sheldon,  |d 1938- 
245 1 0 |a Cases and materials on the law of corrections and prisoners' rights /  |c by Sheldon Krantz. 
246 3 |a Law of corrections and prisoners' rights. 
250 |a 3rd ed. 
260 0 |a St. Paul, Minn. :  |b West Pub. Co.,  |c 1986. 
300 |a xxxv, 855 p. ;  |c 27 cm. 
490 1 |a American casebook series 
500 |a Cover title: The law of corrections and prisoners' rights. 
504 |a Includes bibliographical references and index. 
650 0 |a Correctional law  |z United States  |x Cases. 
650 0 |a Prisoners  |x Legal status, laws, etc.  |z United States  |x Cases. 
655 7 |a Trials, litigation, etc.  |2 fast 
830 0 |a American casebook series. 
988 |a 20020608 
906 |0 DLC